| 000 | 00832nas a2200253 4500 | ||
|---|---|---|---|
| 001 | BR0807720 | ||
| 003 | BR-BrBNA | ||
| 005 | 20231205112720.0 | ||
| 007 | ta | ||
| 008 | 230509b bl.|||p| |||| 00| 00por d | ||
| 040 |
_aBR-BrBNA _bpor _cBiblioteca Nacional de Agricultura |
||
| 041 | _a(En) | ||
| 072 | _aF60 | ||
| 100 | 1 | _aPanda, S.K. | |
| 100 | 1 | _aChoudhury, S. | |
| 245 | 1 | _aChanges in nitrate reductase activity and oxidative stress response in the moss Polytrichum commune subjected to chromium, copper and zine phytotoxicity | |
| 650 | _aMUSGO | ||
| 650 | _aBIOLOGIA VEGETAL | ||
| 650 | _aNITRATO | ||
| 650 | _aCROMO | ||
| 773 | 0 |
_tBrazilian Journal of Plant Physiology (Brazil) _xISSN 1677-0420 _g(Jul-Sep 2005), v. 17(3) p. 191-197 _wBR0807720 |
|
| 909 |
_a202311 _bLúcia _c55 _dLúcia Elande |
||
| 942 |
_2AGRIS _n0 _cANA |
||
| 999 |
_c199545 _d199545 |
||